000 00773cam a2200193Ii 4500
999 _c5638
_d5638
003 OSt
005 20220505125712.0
008 220505b ||||| |||| 00| 0 eng d
020 _a-
040 _cALUPE UNIVERSITY
050 9 9 _aTK7868.I4
_b.T75 1976
110 2 _aTexas Instruments Incorporated.
_bSemiconductor Group.
_0http://id.loc.gov/authorities/names/n79059690
245 1 4 _aThe TTL data book for design engineers /
_c[the Engineering Staff of Texas Instruments Incorporated, Semiconductor Group.
250 _a2d ed.
260 _aDallas, Tex.:
_bTexas Instruments, Inc.,
_cc1976.
300 _a828 p. in various pagings :
_bill. ;
_c25 cm.
650 0 _aTransistor-transistor logic circuits.
_0http://id.loc.gov/authorities/subjects/sh85136934
942 _2lcc
_cBK
_nCM